| 000 | 00698nam a22002177a 4500 | ||
|---|---|---|---|
| 999 |
_c7255 _d7255 |
||
| 003 | OSt | ||
| 005 | 20191017153818.0 | ||
| 008 | 191017s2019 sp 000 0 spa|d | ||
| 017 |
_aDL M.-26.789-2019 _bOficina DL Madrid |
||
| 020 | _a9788416842469 | ||
| 040 |
_aES-BaUAB _bcat _cCDMR |
||
| 080 | _a07 | ||
| 100 | 1 | _aCorroto, Paula, | |
| 245 | 1 | 3 |
_aEl crimen mediático _b: por qué nos fascinan las noticias de sucesos / _cPaula Corroto |
| 246 | 3 | 0 | _aPor qué nos fascinan las noticias de sucesos |
| 260 |
_aMadrid : _bFoca, _c2019 |
||
| 300 |
_a157 p. ; _c22 cm |
||
| 650 | 0 | 4 |
_aDelicte i premsa _zEspanya |
| 650 | 0 | 4 |
_aDelinqüència en els mitjans de comunicació de massa _xEspanya |
| 942 | _cMON | ||